000 01189nam a2200325 a 4500
003 CHAP
005 20220329143804.0
008 110818s1966 mx r 10000 spa d
010 _a101882
011 _a102854
035 _a113543
040 _cCHAP
090 _aFolleto 18003
111 2 _aSeminario Latinoamericano de Irrigación (
_n4 :
_d1966 :
_cBogota, Col.)
_9104183
245 1 4 _aUna aplicación del computo electrónico a la estadística de los distritos de riego
_c/por José Wolffer y Romárico Arroyo
260 _aMéxico :
_bSRH,
_c1966
300 _a36 p. :
_bdiagrama, anexos
590 _aBATCH-UPD
_b10
_c20130110
_lUCH01
_h1219
590 _aBATCH-UPD
_b10
_c20130410
_lUCH01
_h0754
590 _aBATCH-UPD
_b10
_c20130914
_lUCH01
_h1210
590 _aCONVERSION
_b10
_c20130109
_lUCH01
_h1356
650 1 4 _aDistritos de riego.
_932966
650 1 4 _aIrrigación
_xCongresos.
_960390
650 1 4 _aIrrigación
_xEstadísticas.
_960408
650 1 4 _aMétodos estadísticos.
_976631
650 1 4 _aProcesamiento automático de datos en irrigación.
_991796
901 _aBK
942 _cFOLL
949 _aFolleto 18003
_bBC
_cFOLL
_d33724002301314
_eTS1
_gDonaciØn
_i113543
_sb
999 _c101882
_d101882